[Event "chess.com SpeedChess Q1Sw"]
[Site "chess.com INT"]
[Date "2022.11.10"]
[Round "12"]
[White "Rustemov, Alexander"]
[Black "Matinian, Nikita"]
[Result "0-1"]
[WhiteTitle "GM"]
[BlackTitle "GM"]
[WhiteElo "2525"]
[BlackElo "2425"]
[WhiteFideId "4119002"]
[BlackFideId "24129100"]
[EventDate "2022.11.10"]

1. d4 Nf6 2. c4 g6 3. Nf3 Bg7 4. g3 O-O 5. Bg2 d6 6. O-O Bf5 7. Qb3 Qc8 8. Nc3
Nc6 9. Qd1 Bh3 10. e4 Bxg2 11. Kxg2 e5 12. d5 Ne7 13. Ne1 Nd7 14. Nd3 f5 15. f3
Nf6 16. Qe2 b6 17. Be3 a5 18. Rae1 h6 19. h3 g5 20. exf5 Nxf5 21. Ne4 Qd7 22.
Nxf6+ Rxf6 23. Nf2 Raf8 24. Ne4 R6f7 25. b3 a4 26. b4 Nd4 27. Bxd4 exd4 28. Qd3
c6 29. dxc6 Qxc6 30. b5 Qd7 31. g4 d5 32. Ng3 dxc4 33. Qxc4 Rc8 34. Qe6 Rc2+ 35.
Rf2 d3 36. Nf5 Rxf2+ 37. Kxf2 d2 38. Qe8+ Kh7 39. Qe4 dxe1=Q+ 40. Kxe1 Kh8 41.
Qxa4 Rf8 42. Kf1 Re8 43. Qc2 Qxb5+ 44. Kf2 Qb2 45. Qxb2 Bxb2 46. Nxh6 Ra8 47.
Nf7+ Kg8 48. Nxg5 Rxa2 49. Ke3 Bc1+ 50. Ke4 Bxg5 0-1

[Event "chess.com SpeedChess Q1Sw"]
[Site "chess.com INT"]
[Date "2022.11.10"]
[Round "12"]
[White "Gabrielian, Artur"]
[Black "Pranav, Anand"]
[Result "1-0"]
[WhiteTitle "GM"]
[BlackTitle "IM"]
[WhiteElo "2460"]
[BlackElo "2502"]
[WhiteFideId "4131002"]
[BlackFideId "46626786"]
[EventDate "2022.11.10"]

1. e4 c5 2. Nc3 Nc6 3. Bb5 Nd4 4. Nf3 e6 5. O-O a6 6. Bd3 Nc6 7. Nd5 Nge7 8. Ne3
Ng6 9. c3 Be7 10. Bc2 O-O 11. d4 cxd4 12. cxd4 d6 13. d5 Nce5 14. Bb3 Nxf3+ 15.
Qxf3 Nh4 16. Qe2 e5 17. g3 Ng6 18. Bd2 Bg5 19. Rac1 Bh3 20. Rfe1 Qd7 21. Qf3 f5
22. exf5 Bxf5 23. Qe2 Bxe3 24. Qxe3 e4 25. Bc3 Rae8 26. Bd4 Bg4 27. Qc3 Bf3 28.
Qc7 Rf7 29. Qxd7 Rxd7 30. Ba4 b5 31. Bd1 Bxd1 32. Rcxd1 Kf7 33. Rc1 h5 34. Kg2
a5 35. Rc3 Ne7 36. Rxe4 Nxd5 37. Rf3+ Nf6 38. Rxe8 Kxe8 39. Bxf6 gxf6 40. Rxf6
Rc7 41. Rf5 Rc5 42. Rxc5 dxc5 43. Kf3 Kd7 44. Ke3 Ke6 45. h3 1-0

[Event "chess.com SpeedChess Q1Sw"]
[Site "chess.com INT"]
[Date "2022.11.10"]
[Round "12"]
[White "Rohith, Krishna S"]
[Black "Aditya, Mittal"]
[Result "0-1"]
[WhiteTitle "FM"]
[BlackTitle "IM"]
[WhiteElo "2380"]
[BlackElo "2486"]
[WhiteFideId "46617051"]
[BlackFideId "35042025"]
[EventDate "2022.11.10"]

1. Nf3 d5 2. g3 Nf6 3. Bg2 c5 4. O-O e6 5. d3 Nc6 6. Nc3 d4 7. Nb1 Bd6 8. e4 O-O
9. a4 e5 10. Na3 h6 11. Nh4 Ne7 12. Qe1 g5 13. Nf5 Nxf5 14. exf5 Bxf5 15. f4
exf4 16. gxf4 g4 17. Bxb7 Rb8 18. Bg2 Nh5 19. Nc4 Re8 20. Qf2 Be7 21. Bc6 Bh4
22. Qg2 Re6 23. Be4 Qf6 24. Bd2 Kh8 25. Ne5 Rg8 26. Nd7 Qg6 27. Nxc5 Ree8 28. b4
Nf6 29. c3 g3 30. h3 Nxe4 31. dxe4 Rxe4 32. cxd4 Bf6 33. Bc3 Re3 34. Bb2 Qh5 35.
d5 Bxb2 36. Qxb2+ Kh7 37. Rfe1 Rxe1+ 38. Rxe1 g2 39. Qc3 Qh4 40. Re2 Rg3 41. Re3
Qxf4 42. Rxg3 Qf1+ 43. Kh2 Qh1# 0-1

[Event "chess.com SpeedChess Q1Sw"]
[Site "chess.com INT"]
[Date "2022.11.10"]
[Round "12"]
[White "Boros, Denes"]
[Black "Kopylov, Alexander A."]
[Result "0-1"]
[WhiteTitle "GM"]
[BlackTitle "IM"]
[WhiteElo "2402"]
[BlackElo "2397"]
[WhiteFideId "722340"]
[BlackFideId "4164857"]
[EventDate "2022.11.10"]

1. d4 Nf6 2. Nf3 e6 3. Nc3 Bb4 4. Qd3 d5 5. Bg5 h6 6. Bxf6 Qxf6 7. e4 dxe4 8.
Qxe4 Qf5 9. Qxf5 exf5 10. O-O-O c6 11. Bc4 Nd7 12. Rhe1+ Kf8 13. Bb3 g6 14. a3
Ba5 15. d5 Nc5 16. Ba2 Bxc3 17. bxc3 Bd7 18. Ne5 Be8 19. d6 Rd8 20. d7 Nxd7 21.
Rd6 Rh7 22. f4 f6 23. Nf3 Re7 24. Red1 Rb8 25. a4 a5 26. Nd4 Nc5 27. Ne6+ Nxe6
28. Bxe6 Kg7 29. Kb2 Bf7 30. Bxf7 Kxf7 31. Rd7 Re8 32. Kb3 g5 33. g3 gxf4 34.
gxf4 Rxd7 35. Rxd7+ Re7 36. Rd8 Kg6 37. Ra8 Kh5 38. Rg8 Re4 39. Rg7 Rxf4 40.
Rxb7 Re4 41. Ra7 f4 42. Rxa5+ Kg4 43. Ra8 f3 44. Rd8 f2 0-1

[Event "chess.com SpeedChess Q1Sw"]
[Site "chess.com INT"]
[Date "2022.11.10"]
[Round "12"]
[White "Ahn, Hongjin"]
[Black "Samaganova, Aleksandra"]
[Result "1-0"]
[WhiteTitle "IM"]
[BlackTitle "WFM"]
[WhiteElo "2282"]
[BlackElo "1884"]
[WhiteFideId "13201492"]
[BlackFideId "13800221"]
[EventDate "2022.11.10"]

1. e4 c5 2. Nf3 e6 3. d4 cxd4 4. Nxd4 a6 5. c4 Qc7 6. Bd3 Nf6 7. O-O b6 8. Qe2
d6 9. Nc3 Bb7 10. f4 Nbd7 11. Bc2 Rc8 12. b3 Be7 13. Bb2 O-O 14. Rad1 Rfe8 15.
g4 g6 16. Qg2 e5 17. Nde2 exf4 18. Nxf4 Ne5 19. g5 Nfg4 20. Ncd5 Qd8 21. h3 Bxg5
22. hxg4 b5 23. Nh3 Bxd5 24. Rxd5 Be3+ 25. Kh1 Qh4 26. Bxe5 dxe5 27. Bd3 Red8
28. cxb5 Rxd5 29. exd5 axb5 30. d6 Bf4 31. d7 Rc3 32. Rd1 Rxd3 33. Rxd3 Qe1+ 34.
Ng1 Qh4+ 35. Qh3 Qd8 36. Ne2 e4 37. Rd4 Bc7 38. Kg2 Qa8 39. Qc3 Bd8 40. Qc8 1-0

[Event "chess.com SpeedChess Q1Sw"]
[Site "chess.com INT"]
[Date "2022.11.10"]
[Round "12"]
[White "Aaditya, Dhingra"]
[Black "Ter-Sahakyan, Samvel"]
[Result "0-1"]
[WhiteTitle "CM"]
[BlackTitle "GM"]
[WhiteElo "2172"]
[BlackElo "2605"]
[WhiteFideId "25678191"]
[BlackFideId "13302531"]
[EventDate "2022.11.10"]

1. Nf3 d5 2. g3 g6 3. Bg2 Bg7 4. O-O e5 5. d3 Nc6 6. e4 dxe4 7. dxe4 Qxd1 8.
Rxd1 Bg4 9. c3 Nf6 10. h3 Be6 11. Nbd2 a5 12. a4 h6 13. Re1 Nd7 14. Bf1 Nc5 15.
Kg2 O-O-O 16. Bc4 Rhe8 17. Bxe6+ Rxe6 18. Nc4 Nd3 19. Rf1 f5 20. Be3 f4 21. Bd2
g5 22. g4 Bf6 23. Rfd1 Nc5 24. Re1 Rd3 25. Re2 Re8 26. Ne1 Rd7 27. Nc2 h5 28. f3
Rh8 29. gxh5 Rxh5 30. b4 axb4 31. Nxb4 Ne7 32. Be1 Ng6 33. Bf2 Nd3 34. Nd5 Bd8
35. Rd2 Nxf2 36. Rxf2 Nh4+ 37. Kf1 Ng6 38. Rh2 Rdh7 39. Kg2 Nh4+ 40. Kf2 c6 41.
Ndb6+ Bxb6+ 42. Nxb6+ Kc7 43. Nc4 Re7 44. a5 Rh8 45. a6 b5 46. a7 Ra8 47. Nd2
Kb6 48. Rhh1 Rexa7 49. Nb3 Ra2+ 50. Rxa2 Rxa2+ 0-1

[Event "chess.com SpeedChess Q1Sw"]
[Site "chess.com INT"]
[Date "2022.11.10"]
[Round "12"]
[White "Li, Ruifeng"]
[Black "Petrosyan, Manuel"]
[Result "1/2-1/2"]
[WhiteTitle "GM"]
[BlackTitle "GM"]
[WhiteElo "2541"]
[BlackElo "2621"]
[WhiteFideId "2061074"]
[BlackFideId "13300857"]
[EventDate "2022.11.10"]

1. b3 d5 2. Bb2 Bf5 3. d3 e6 4. g3 Nf6 5. Bg2 Be7 6. Nd2 O-O 7. e4 Bg6 8. Ne2
Na6 9. Nf4 dxe4 10. dxe4 Bb4 11. Nxg6 hxg6 12. Qe2 Qe7 13. a3 Bxd2+ 14. Qxd2 e5
15. O-O-O Nc5 16. f3 a5 17. Qc3 Rfe8 18. Rd2 b5 19. Qe3 Nfd7 20. Rhd1 Nb6 21.
Bf1 b4 22. a4 Nb7 23. Bb5 Rf8 24. Bc6 Rab8 25. f4 exf4 26. gxf4 Nd8 27. Bb5 c6
28. Bf1 Nd5 29. Rxd5 cxd5 30. Rxd5 Ne6 31. Bc4 Qh4 32. Be5 Rbd8 33. Kb2 Rxd5 34.
exd5 Nd8 35. Qb6 f6 36. Bc7 Nf7 37. d6 Qh3 38. Qc6 Qc3+ 39. Kb1 Qe1+ 40. Ka2 Qd2
41. Be6 Kh7 42. Qc4 Nxd6 43. Qc6 Nf5 44. Bxa5 Re8 45. Qxe8 Qxc2+ 46. Ka1 Qc1+
47. Ka2 Qc2+ 48. Ka1 Qc1+ 49. Ka2 Qd2+ 50. Ka1 Qc1+ 1/2-1/2

[Event "chess.com SpeedChess Q1Sw"]
[Site "chess.com INT"]
[Date "2022.11.10"]
[Round "12"]
[White "Leiva, Gianmarco"]
[Black "Garv, Gaur"]
[Result "1-0"]
[WhiteTitle "IM"]
[BlackTitle "CM"]
[WhiteElo "2366"]
[BlackElo "1973"]
[WhiteFideId "3804399"]
[BlackFideId "45030839"]
[EventDate "2022.11.10"]

1. e4 c6 2. d4 d5 3. Nc3 dxe4 4. Nxe4 Bf5 5. Ng3 Bg6 6. Bc4 e6 7. N1e2 Bd6 8.
O-O Ne7 9. Nf4 O-O 10. Nxg6 hxg6 11. c3 Qc7 12. Qg4 Nd7 13. Bg5 Nf6 14. Qh4 Nh7
15. Ne4 Nf5 16. Qh3 Bf4 17. Bxf4 Qxf4 18. Rae1 Ng5 19. Nxg5 Qxg5 20. Re5 Qh6 21.
Qg4 Rad8 22. Rfe1 Rfe8 23. a4 Qh4 24. Qf3 Ne7 25. R5e4 Qh5 26. Qg3 Nf5 27. Qc7
Nd6 28. Re5 Qh6 29. Bf1 Qd2 30. R5e2 Qg5 31. Re5 Qd2 32. R5e2 Qg5 33. g3 Nf5 34.
Qxb7 Nh4 35. Bg2 Nxg2 36. Kxg2 Qd5+ 37. Kg1 Rd7 38. Qb4 a5 39. Qb6 Qc4 40. Re5
Qxa4 41. Rxa5 Qc2 42. Qxc6 Rdd8 43. Rb5 Rc8 44. Qe4 Red8 45. Qxc2 Rxd4 46. Rb8
Rxb8 47. cxd4 Rd8 48. b4 1-0

[Event "chess.com SpeedChess Q1Sw"]
[Site "chess.com INT"]
[Date "2022.11.10"]
[Round "12"]
[White "Borgaonkar, Akshay"]
[Black "Balaji, Aaravamudhan"]
[Result "0-1"]
[WhiteTitle "CM"]
[BlackTitle "CM"]
[WhiteElo "2135"]
[BlackElo "2353"]
[WhiteFideId "25639110"]
[BlackFideId "436224"]
[EventDate "2022.11.10"]

1. Nf3 e6 2. b3 Nf6 3. Bb2 d5 4. Rg1 c5 5. g4 Nc6 6. h4 Bd6 7. e3 e5 8. g5 Ng4
9. d3 e4 10. dxe4 dxe4 11. Nfd2 Be5 12. Nc3 Qa5 13. Na4 Bxb2 14. Nxb2 Nh2 15.
Nc4 Qc3 16. Nd6+ Ke7 17. Nxe4 Nf3+ 18. Qxf3 Qxa1+ 19. Ke2 Rd8 20. Qg3 Qe5 21. f4
Qb2 22. Bh3 Bxh3 23. Qxh3 Qxc2 24. Rd1 Rd5 25. f5 Rad8 26. f6+ Kf8 27. fxg7+
Kxg7 28. Qf3 Qb2 29. h5 b5 30. h6+ Kf8 31. Qf4 c4 32. Qf6 Qxf6 33. Nxf6 Rf5 34.
bxc4 bxc4 35. Nxc4 Rxd1 36. Kxd1 Ne5 37. Nxh7+ Kg8 38. Nf6+ Rxf6 39. Nxe5 Rf5
40. Nd7 Rd5+ 41. Ke2 Rxd7 42. Kf3 Rd6 43. Kf4 Ra6 44. e4 Kh7 45. e5 Rxa2 46. Kf5
Rf2+ 47. Ke4 a5 48. Kd5 a4 49. e6 fxe6+ 50. Kxe6 a3 0-1

[Event "chess.com SpeedChess Q1Sw"]
[Site "chess.com INT"]
[Date "2022.11.10"]
[Round "12"]
[White "Arencibia Monduy, Antonio"]
[Black "Deev, Andrei"]
[Result "0-1"]
[WhiteTitle "CM"]
[BlackTitle "IM"]
[WhiteElo "2100"]
[BlackElo "2390"]
[WhiteFideId "3507939"]
[BlackFideId "4102690"]
[EventDate "2022.11.10"]

1. d4 d6 2. c4 e5 3. e3 Nc6 4. d5 Nce7 5. Nc3 f5 6. Qc2 Nf6 7. Bd2 g6 8. h4 Bg7
9. Nf3 c6 10. dxc6 bxc6 11. O-O-O e4 12. Nd4 c5 13. Nde2 Be6 14. Nf4 Bf7 15.
Qa4+ Qd7 16. Qxd7+ Kxd7 17. Be2 Kc6 18. f3 Rab8 19. b3 d5 20. cxd5+ Nexd5 21.
Nfxd5 Nxd5 22. Nxd5 Bxd5 23. Kc2 Rhd8 24. Bc3 Bxc3 25. Kxc3 exf3 26. Bxf3 Bxf3
27. gxf3 Re8 28. Rhe1 Rb7 29. Rd3 Rb4 30. e4 fxe4 31. Rde3 Kd5 32. fxe4+ Rbxe4
33. Rd1+ Kc6 34. Red3 R8e6 35. Rd7 Rxh4 36. Rxa7 Re3+ 37. Kb2 Rh2+ 38. Ka3 Ree2
39. Ra1 g5 40. Ra6+ Kb5 41. Rf6 g4 42. Rf5 h5 43. Rf8 g3 44. Rb8+ Ka5 45. b4+
cxb4+ 46. Rxb4 h4 47. Rb3 Rhf2 0-1

[Event "chess.com SpeedChess Q1Sw"]
[Site "chess.com INT"]
[Date "2022.11.10"]
[Round "12"]
[White "Pakleza, Zbigniew"]
[Black "Sjugirov, Sanan"]
[Result "0-1"]
[WhiteTitle "GM"]
[BlackTitle "GM"]
[WhiteElo "2496"]
[BlackElo "2712"]
[WhiteFideId "1119290"]
[BlackFideId "4189302"]
[EventDate "2022.11.10"]

1. d4 Nf6 2. Nf3 e6 3. Bf4 Be7 4. e3 Nh5 5. Bg3 d6 6. c4 Nd7 7. Nc3 b6 8. Qc2
Bb7 9. Bd3 g6 10. O-O-O a6 11. Be4 c6 12. Kb1 b5 13. Bd3 bxc4 14. Bxc4 d5 15.
Be2 Nxg3 16. hxg3 c5 17. dxc5 Nxc5 18. e4 Qb6 19. exd5 exd5 20. Nxd5 Bxd5 21.
Rxd5 O-O 22. Bc4 Rac8 23. Ne5 Bf6 24. Nxg6 hxg6 25. Rd6 Qxb2+ 26. Qxb2 Bxb2 27.
Kxb2 Kg7 28. f3 Rc7 29. Bb3 Rb8 30. Ka3 Rcb7 31. Bc4 Rb4 32. Bb3 Nxb3 33. axb3
Rxb3+ 34. Ka4 Rb2 35. Ka3 Rxg2 36. Rh3 Rg1 37. Ka2 a5 38. g4 Rg2+ 39. Ka3 Re2
40. Rd3 Re1 41. Ka2 Re2+ 42. Ka3 Rb6 43. f4 Re4 44. Rhf3 Rbb4 45. f5 g5 46. f6+
Kg6 47. Rd5 Ra4+ 48. Kb3 Rxg4 49. Rd8 Raf4 50. Rg8+ Kxf6 51. Rc3 Rb4+ 52. Ka3
Ra4+ 53. Kb3 Rgb4+ 54. Kc2 Rc4 0-1

[Event "chess.com SpeedChess Q1Sw"]
[Site "chess.com INT"]
[Date "2022.11.10"]
[Round "12"]
[White "Vantika, Agrawal"]
[Black "Stribuk, Artiom"]
[Result "0-1"]
[WhiteTitle "WGM"]
[BlackTitle "FM"]
[WhiteElo "2362"]
[BlackElo "2312"]
[WhiteFideId "25050389"]
[BlackFideId "13515659"]
[EventDate "2022.11.10"]

1. d4 Nf6 2. c4 g6 3. g3 c5 4. d5 b5 5. cxb5 a6 6. b6 d6 7. Nc3 Nbd7 8. Bg2 Bg7
9. Nf3 O-O 10. O-O Nxb6 11. a4 a5 12. Nd2 Ba6 13. Re1 Nfd7 14. Qc2 c4 15. Nde4
Rc8 16. Be3 h6 17. Red1 f5 18. Nd2 Ne5 19. Nf3 Ng4 20. Bd4 Nf6 21. h4 Bb7 22.
Ne1 Nbd7 23. Nf3 Qe8 24. Be3 Qf7 25. Qd2 Ng4 26. Bd4 Nde5 27. Rac1 Rfd8 28. Bb6
Rf8 29. Nd4 Nd7 30. Bxa5 Nc5 31. Ne6 Nb3 32. Qc2 Nxa5 33. Nxf8 Rxf8 34. Nb5 f4
35. Bf3 fxg3 36. fxg3 Ne3 37. Qe4 Nxd1 38. Rxd1 Bc8 39. Kg2 Bf5 40. Qe3 Nb3 41.
Nc3 Nc5 42. Rf1 h5 43. a5 Rb8 44. Qd2 Be5 45. a6 Nxa6 46. e4 Bd7 47. Bxh5 Bh3+
48. Kxh3 Qxf1+ 49. Kh2 Rf8 50. Be2 Rf2# 0-1

[Event "chess.com SpeedChess Q1Sw"]
[Site "chess.com INT"]
[Date "2022.11.10"]
[Round "12"]
[White "Mamedov, Rauf"]
[Black "Pranav, V"]
[Result "1-0"]
[WhiteTitle "GM"]
[BlackTitle "IM"]
[WhiteElo "2646"]
[BlackElo "2548"]
[WhiteFideId "13401653"]
[BlackFideId "25060783"]
[EventDate "2022.11.10"]

1. e4 e5 2. Nf3 Nc6 3. Bc4 Nf6 4. d3 h6 5. Nc3 g6 6. Be3 Bg7 7. h3 d6 8. Qd2 Na5
9. Bd5 c6 10. Bb3 Qe7 11. O-O g5 12. Nh2 Nh5 13. Ne2 Nxb3 14. axb3 a6 15. Ng3
Nf4 16. d4 h5 17. dxe5 Bxe5 18. Nf3 Qf6 19. Nxe5 dxe5 20. Rfd1 h4 21. Ne2 O-O
22. Nxf4 gxf4 23. Bc5 Re8 24. f3 Kh7 25. Kh1 Rg8 26. Qd6 Be6 27. Qe7 Qh6 28. Bf2
Rg6 29. Qxh4 Qxh4 30. Bxh4 Rag8 31. Rd2 Rh6 32. Be7 Rg3 33. Rad1 Kg6 34. Rd6 Kh7
35. h4 Rhg6 36. R1d2 Rg8 37. Bf6 Bh3 38. Bg5 Be6 39. Kh2 Kg6 40. Be7 Re8 41. Bd8
Kh5 42. Bf6 Reg8 43. Bxe5 Kxh4 44. Bxf4 R3g7 45. g4 Rh7 46. Kg2 Rhg7 47. Kf2
Bxg4 48. fxg4 Kxg4 49. Ke3 Rh7 50. Rg2+ 1-0

[Event "chess.com SpeedChess Q1Sw"]
[Site "chess.com INT"]
[Date "2022.11.10"]
[Round "12"]
[White "Duda, Jan-Krzysztof"]
[Black "Alekseenko, Kirill"]
[Result "1-0"]
[WhiteTitle "GM"]
[BlackTitle "GM"]
[WhiteElo "2731"]
[BlackElo "2687"]
[WhiteFideId "1170546"]
[BlackFideId "4135539"]
[EventDate "2022.11.10"]

1. d4 d5 2. c4 dxc4 3. e4 Nf6 4. e5 Nd5 5. Bxc4 Nb6 6. Bb3 Nc6 7. Ne2 Bf5 8. Be3
e6 9. Nbc3 Qd7 10. O-O O-O-O 11. Qc1 Kb8 12. Rd1 Nb4 13. a3 N4d5 14. Bg5 Rc8 15.
Ng3 Bg6 16. Nce4 c6 17. Bc2 Qc7 18. b4 Nd7 19. Qb2 h6 20. Bd2 Be7 21. h3 h5 22.
Ne2 h4 23. Re1 N7b6 24. Qb3 Bf5 25. Nc1 g5 26. f3 Nf4 27. Nf2 Bxc2 28. Qxc2 Rcd8
29. Nb3 Nbd5 30. Rab1 Qd7 31. Ne4 Rhg8 32. Nbc5 Qc7 33. b5 cxb5 34. Rxb5 Bxc5
35. Nxc5 Nb6 36. Qe4 Rd5 37. a4 Rgd8 38. Be3 a6 39. Rb4 Ka8 40. a5 Nd7 41. Nxb7
Rb8 42. Bxf4 gxf4 43. Reb1 Qc3 44. Kh2 Qd2 45. R4b2 Qxd4 46. Qe2 Qd3 47. Qf2 Qe3
48. Qxh4 Qxe5 49. Qe7 Qc7 50. Rb3 e5 51. Qxf7 Rb5 52. Rxb5 axb5 53. a6 Ka7 54.
Nc5 Qxc5 55. Qxd7+ Ka8 56. a7 Rb7 57. Qd8+ Kxa7 58. Ra1+ 1-0

[Event "chess.com SpeedChess Q1Sw"]
[Site "chess.com INT"]
[Date "2022.11.10"]
[Round "12"]
[White "Durarbayli, Vasif"]
[Black "Terry, Renato"]
[Result "0-1"]
[WhiteTitle "GM"]
[BlackTitle "IM"]
[WhiteElo "2612"]
[BlackElo "2516"]
[WhiteFideId "13402935"]
[BlackFideId "3803457"]
[EventDate "2022.11.10"]

1. e4 g6 2. d4 Bg7 3. Nc3 c6 4. Be3 d6 5. Qd2 Nd7 6. h4 Ngf6 7. f3 b5 8. Bh6
Bxh6 9. Qxh6 Qa5 10. Bd3 e5 11. Ne2 a6 12. h5 Rg8 13. hxg6 hxg6 14. Qd2 c5 15.
dxe5 dxe5 16. b3 Bb7 17. a4 Rc8 18. Nb1 Qb6 19. axb5 axb5 20. Nec3 c4 21. bxc4
bxc4 22. Be2 Ke7 23. Na4 Qd4 24. Qb4+ Ke8 25. Nbc3 Bc6 26. Rd1 Qa7 27. Qxc4 Kf8
28. Rd6 Qc7 29. Nb5 Qa5+ 30. Nac3 Bb7 31. Qd3 Kg7 32. O-O Nc5 33. Qe3 Ne6 34.
Nd5 Nh5 35. c4 Rh8 36. Qc3 Qxc3 37. Nbxc3 Nhf4 38. Nxf4 Nxf4 39. Rb1 Rc7 40. Bf1
Bc6 41. Nd5 Bxd5 42. exd5 Rhc8 43. g3 Nh5 44. Kf2 Nf6 45. Rdb6 Ra7 46. Rb7 Ra2+
47. R1b2 Ra3 48. Rd2 Rc3 49. Rd1 e4 50. fxe4 Nxe4+ 51. Ke1 Re3+ 52. Be2 Nc3 53.
Rd2 Rce8 54. Rbb2 Ne4 55. Rd3 Nxg3 56. Rxe3 Rxe3 57. c5 Rc3 58. c6 Ne4 59. Ba6
Kf6 60. Re2 Rc1# 0-1

[Event "chess.com SpeedChess Q1Sw"]
[Site "chess.com INT"]
[Date "2022.11.10"]
[Round "12"]
[White "Koziorowicz, Michal"]
[Black "Ibarra Jerez, Jose Carlos"]
[Result "1-0"]
[WhiteTitle "FM"]
[BlackTitle "GM"]
[WhiteElo "2296"]
[BlackElo "2557"]
[WhiteFideId "21809194"]
[BlackFideId "2226332"]
[EventDate "2022.11.10"]

1. e4 Nc6 2. Nc3 d6 3. Bc4 Nf6 4. d3 Na5 5. Bb3 Nxb3 6. axb3 g6 7. f4 Bg7 8. Nf3
O-O 9. O-O d5 10. Qe2 c5 11. e5 Ng4 12. h3 Nh6 13. d4 Nf5 14. dxc5 Ng3 15. Qf2
Nxf1 16. Kxf1 f6 17. exf6 Bxf6 18. Be3 d4 19. Nxd4 e5 20. Nf3 exf4 21. Bd4 Bf5
22. Rd1 Bxd4 23. Nxd4 Qe7 24. b4 Rad8 25. Qe2 Qf6 26. Qc4+ Kg7 27. Ncb5 f3 28.
Nxf5+ Qxf5 29. Qc3+ Kh6 30. Qe3+ g5 31. Rxd8 fxg2+ 32. Kxg2 Qxc2+ 33. Rd2 Qf5
34. Nd6 Qf1+ 35. Kh2 Rf3 36. Qe6+ Kh5 37. Qg4+ Kg6 38. Ne4 Rf5 39. Rg2 h5 40.
Qg3 h4 41. Qe3 Qf4+ 42. Qxf4 Rxf4 43. Rxg5+ Kh6 44. Re5 Rf3 45. Kg2 Rb3 46. Nf2
Rxb4 47. Re2 Rc4 48. Re7 Rb4 49. Nd3 Rb3 50. Rd7 a5 51. Kf3 a4 52. Kg4 Kg6 53.
Nf4+ Kf6 54. Rd2 Rb4 55. Rd6+ Ke5 56. Re6+ Kd4 57. Rb6 Kxc5 58. Rxb4 Kxb4 59.
Kxh4 Kb3 60. Nd3 b6 61. Kg4 Kc2 62. h4 Kxd3 63. h5 Kc2 64. h6 Kxb2 65. h7 a3 66.
h8=Q+ Kb1 67. Qh7+ Kb2 68. Qg7+ Kb1 69. Qg6+ Ka1 70. Qf6+ Ka2 71. Qc3 Kb1 72.
Qxa3 1-0

[Event "chess.com SpeedChess Q1Sw"]
[Site "chess.com INT"]
[Date "2022.11.10"]
[Round "12"]
[White "Nguyen Hong Nhung"]
[Black "Tan, Zhongyi"]
[Result "0-1"]
[WhiteTitle "WFM"]
[BlackTitle "GM"]
[WhiteElo "2003"]
[BlackElo "2514"]
[WhiteFideId "12412201"]
[BlackFideId "8603642"]
[EventDate "2022.11.10"]

1. e4 c5 2. Nc3 d6 3. f4 g6 4. Nf3 Bg7 5. Bc4 Nc6 6. O-O e6 7. d3 Nge7 8. Qe1
O-O 9. f5 exf5 10. Qh4 d5 11. exd5 Nd4 12. Bg5 Re8 13. Rae1 Bf8 14. Nxd4 cxd4
15. Nb5 Qd7 16. Nxd4 a6 17. a4 b6 18. Rf3 Bb7 19. Rh3 h5 20. d6 Qxd6 21. Nf3 b5
22. Bb3 Nc6 23. Rf1 Ne5 24. Nxe5 Qxe5 25. Bf6 Qc5+ 26. Bd4 Qc6 27. Rg3 Rad8 28.
Qxh5 Bg7 29. Bxg7 Kxg7 30. Qxf5 Re7 31. Qg5 Rde8 32. Rh3 Kg8 33. Rf2 Re1+ 34.
Rf1 Qb6+ 35. Re3 Qxe3+ 36. Qxe3 Rxf1+ 37. Kxf1 Rxe3 38. Kf2 Re7 39. axb5 axb5
40. c3 Rc7 41. d4 Kg7 42. Bc2 Rd7 43. g3 Bd5 44. Bd3 b4 45. c4 Be6 46. Ke3 Bf5
47. Be2 Kf6 48. d5 Re7+ 49. Kd2 Ke5 50. b3 Kd4 51. Bf3 Ra7 52. d6 Ra2+ 53. Ke1
Ra1+ 54. Kf2 Ra2+ 55. Kg1 Bd7 56. Bd5 f6 57. Bf7 g5 58. h4 gxh4 59. gxh4 Kc5 60.
h5 Kxd6 61. Bg6 Be6 62. h6 Ra8 63. h7 Ke5 64. Kf2 Bf5 65. Bf7 Bxh7 66. Bd5 Ra2+
67. Ke3 Rb2 68. Kf3 Bc2 69. Kg4 Bxb3 70. Kh5 Bc2 71. Kh6 Be4 72. Kg7 Bxd5 73.
cxd5 Kxd5 74. Kxf6 Rc2 0-1

[Event "chess.com SpeedChess Q1Sw"]
[Site "chess.com INT"]
[Date "2022.11.10"]
[Round "12"]
[White "Yuan, Qingyu"]
[Black "Zhigalko, Sergei"]
[Result "0-1"]
[BlackTitle "GM"]
[WhiteElo "2373"]
[BlackElo "2572"]
[WhiteFideId "8609772"]
[BlackFideId "13502956"]
[EventDate "2022.11.10"]

1. e4 c5 2. Nf3 Nc6 3. Bb5 Nf6 4. e5 Nd5 5. Nc3 Nc7 6. Bxc6 dxc6 7. h3 h6 8. Qe2
Bf5 9. d3 Ne6 10. Be3 Nd4 11. Bxd4 cxd4 12. Ne4 e6 13. O-O Be7 14. Nfd2 O-O 15.
f4 Qd5 16. a4 a5 17. Kh2 Rad8 18. Rf2 Kh8 19. Rff1 Bb4 20. Rf2 Be7 21. Rff1 Qd7
22. Nc4 Qc7 23. Ng3 Bg6 24. Ne4 Rd5 25. g4 Bh7 26. Rf3 b6 27. Kg2 Bb4 28. h4 b5
29. Ncd2 f5 30. exf6 gxf6 31. Ng3 Qf7 32. Nde4 Rg8 33. Nf2 Bg6 34. Rh1 h5 35. g5
Kg7 36. Nfe4 Be7 37. Rf2 Rh8 38. Rhf1 f5 39. Nd2 Bd6 40. b3 Re8 41. Re1 e5 42.
Qf1 exf4 43. Rxe8 Qxe8 44. Ne2 f3+ 45. Nxf3 f4 46. Neg1 Rf5 47. Re2 Qd7 48. Qe1
Bf7 49. Nh2 f3+ 50. Nhxf3 Bd5 51. Re4 bxa4 52. bxa4 Rf4 53. Rxf4 Bxf4 54. Kf1
Be3 55. Qg3 Qf7 56. Qe5+ Kg8 57. Ke2 Bf4 58. Qf6 Qxf6 59. gxf6 Kf7 60. Nxd4 Bg3
61. Ngf3 Kxf6 62. c4 Bxf3+ 63. Nxf3 Kf5 64. d4 Ke4 65. d5 cxd5 66. cxd5 Kxd5 67.
Kd3 Kc5 68. Kc3 Bf2 69. Kb3 Kd5 70. Kc3 Ke4 71. Ng5+ Kf5 72. Nf3 Kf4 73. Nd2 Be1
74. Kd3 Bxd2 75. Kxd2 Kg4 76. Kc3 Kxh4 77. Kc4 Kg4 78. Kb5 h4 79. Kxa5 h3 80.
Kb6 h2 81. a5 h1=Q 82. Ka7 Qc6 83. a6 Kf5 84. Kb8 Qb6+ 85. Kc8 Qxa6+ 86. Kc7 Qe6
87. Kd8 Kf6 88. Kc7 Ke5 89. Kd8 Qf7 90. Kc8 Kd6 91. Kd8 Qf8# 0-1

[Event "chess.com SpeedChess Q1Sw"]
[Site "chess.com INT"]
[Date "2022.11.10"]
[Round "12"]
[White "Pichot, Alan"]
[Black "Svane, Rasmus"]
[Result "0-1"]
[WhiteTitle "GM"]
[BlackTitle "GM"]
[WhiteElo "2637"]
[BlackElo "2619"]
[WhiteFideId "110973"]
[BlackFideId "4657101"]
[EventDate "2022.11.10"]

1. e4 c6 2. d4 d5 3. e5 Bf5 4. h4 h5 5. Bd3 Bxd3 6. Qxd3 Qa5+ 7. b4 Qa6 8. Qf3
e6 9. c3 Qa4 10. Ne2 a5 11. bxa5 Rxa5 12. Ng3 g6 13. Bg5 Nd7 14. O-O b5 15. Nd2
Ne7 16. Rfb1 Ra6 17. Qd3 Nc8 18. Ngf1 Ncb6 19. Ne3 Be7 20. g3 Bxg5 21. hxg5 Ke7
22. Kg2 Raa8 23. Rh1 Qa3 24. Nc2 Qa7 25. Nb4 Qc7 26. Qf3 c5 27. Nd3 Na4 28. Rac1
Raf8 29. Qf4 Rc8 30. dxc5 Naxc5 31. Nxc5 Qxc5 32. Nb3 Qc7 33. Rhe1 Kf8 34. Nd4
Kg7 35. Nxb5 Qc4 36. Nd4 Nc5 37. Qf6+ Kg8 38. Rb1 Ne4 39. Qe7 Qc7 40. Qxc7 Rxc7
41. Rec1 Kg7 42. f3 Nxc3 43. Rb3 Rhc8 44. a3 Na4 45. Rxc7 Rxc7 46. Rb4 Nc3 47.
a4 Ra7 48. Nb5 Rxa4 49. Rxa4 Nxa4 50. f4 Nc5 51. Nd6 Kf8 52. Kf3 Ke7 53. Ke3 Nb3
54. Nc8+ Kd7 55. Nd6 Ke7 56. Nc8+ Kf8 57. Nd6 Nc5 58. Kd4 Na6 59. Ke3 Ke7 60.
Nc8+ Kf8 61. Nd6 Nb4 62. Ke2 Nc6 63. Ke3 Ne7 64. Kf3 Nf5 65. Nb7 Ke7 66. Nc5 Kd8
67. g4 Nd4+ 68. Ke3 Nc2+ 69. Kd2 Nb4 70. gxh5 gxh5 71. Nb3 Nc6 72. Ke3 Ne7 73.
Kf3 Ng6 74. Kg3 Ke7 75. Nd4 Kd7 76. Nf3 Kc6 77. Nh2 Kc5 78. Nf3 d4 79. Nd2 Kd5
80. Kf3 h4 81. Ne4 d3 82. Nf2 Kd4 83. Nd1 d2 84. Nf2 Kc3 85. Ke3 Kc2 86. Kf3
d1=Q+ 87. Nxd1 Kxd1 88. Kg4 Ke2 89. f5 exf5+ 90. Kxf5 h3 91. e6 fxe6+ 92. Kxg6
h2 93. Kf6 h1=Q 94. g6 Qg2 0-1